Detalles MARC
| 000 -CABECERA |
| campo de control de longitud fija |
01720nam a2200397 c 4500 |
| 001 - NÚMERO DE CONTROL |
| campo de control |
a5875120 |
| 003 - IDENTIFICADOR DEL NÚMERO DE CONTROL |
| campo de control |
SpMaBN |
| 005 - FECHA Y HORA DE LA ÚLTIMA TRANSACCIÓN |
| campo de control |
20210823083004.0 |
| 008 - DATOS DE LONGITUD FIJA--INFORMACIÓN GENERAL |
| campo de control de longitud fija |
161129s2016 sp a 001 0 spa |
| 015 ## - NÚMERO DE BIBLIOGRAFÍA NACIONAL |
| Número de bibliografía nacional |
MON1611 |
| 017 ## - NÚMERO DE COPYRIGHT O DE DEPÓSITO LEGAL |
| Número de copyright o de depósito legal |
B 8431-2016 |
| Agencia que asigna |
Oficina Depósito Legal Barcelona |
| 020 ## - NÚMERO INTERNACIONAL ESTÁNDAR DEL LIBRO |
| Número Internacional Estándar del Libro |
9788491130130 |
| Información calificativa |
v. 1 |
| 020 ## - NÚMERO INTERNACIONAL ESTÁNDAR DEL LIBRO |
| Número Internacional Estándar del Libro |
9788491130147 |
| Información calificativa |
v. 2 |
| 020 ## - NÚMERO INTERNACIONAL ESTÁNDAR DEL LIBRO |
| Número Internacional Estándar del Libro |
9788491130154 |
| Información calificativa |
obra completa |
| 035 ## - NÚMERO DE CONTROL DEL SISTEMA |
| Número de control de sistema |
(OCoLC)962502000 |
| 040 ## - FUENTE DE LA CATALOGACIÓN |
| Centro catalogador/agencia de origen |
SpMaBN |
| Centro/agencia transcriptor |
AR-RoIUNI |
| 041 1# - CÓDIGO DE LENGUA |
| Código de lengua del texto/banda sonora o título independiente |
spa |
| Código de lengua original |
eng |
| 080 ## - NÚMERO DE LA CLASIFICACIÓN DECIMAL UNIVERSAL |
| Número de la Clasificación Decimal Universal |
616-053.2 NEL |
| 130 0# - ENTRADA PRINCIPAL--TÍTULO UNIFORME |
| Título uniforme |
Nelson textbook of pediatrics |
| Lenguaje de la obra |
Español |
| 245 10 - MENCIÓN DE TÍTULO |
| Título |
Tratado de pediatría |
| Mención de responsabilidad, etc. |
Nelson ; Robert M. Kliegman, Bonita F. Stanton, Joseph W. St. Geme, Nina F. Schor III ; editor emérito, Richard E. Behrman |
| 246 1# - FORMA VARIANTE DE TÍTULO |
| Título propio/Titulo breve |
Nelson, tratado de pediatría |
| 250 ## - MENCIÓN DE EDICIÓN |
| Mención de edición |
20a. ed. |
| 260 ## - PUBLICACIÓN, DISTRIBUCIÓN, ETC. (PIE DE IMPRENTA) |
| Lugar de publicación, distribución, etc. |
Barcelona |
| Nombre del editor, distribuidor, etc. |
Elsevier |
| Fecha de publicación, distribución, etc. |
D.L. 2016 |
| 300 ## - DESCRIPCIÓN FÍSICA |
| Extensión |
2 v. (LXX, LXX, 3736 p.) |
| Otras características físicas |
il. col. y n. |
| Dimensiones |
29 c |
| 336 ## - TIPO DE CONTENIDO |
| Término de tipo de contenido |
Texto (visual) |
| Fuente |
isbdcontent |
| 337 ## - TIPO DE MEDIO |
| Nombre/término del tipo de medio |
sin mediación |
| Fuente |
isbdmedia |
| 650 10 - PUNTO DE ACCESO ADICIONAL DE MATERIA--TÉRMINO DE MATERIA |
| Término de materia o nombre geográfico como elemento inicial |
Pediatría |
| Fuente del encabezamiento o término |
embne |
| 9 (RLIN) |
125 |
| 700 1# - PUNTO DE ACCESO ADICIONAL--NOMBRE DE PERSONA |
| Nombre de persona |
Kliegman, Robert |
| Código de función/relación |
aut |
| 700 1# - PUNTO DE ACCESO ADICIONAL--NOMBRE DE PERSONA |
| Nombre de persona |
Nelson, Waldo Emerson |
| Código de función/relación |
aut |
| 856 ## - LOCALIZACIÓN Y ACCESO ELECTRÓNICOS |
| Nota pública |
Disponible texto completo en formato electrónico |
| 901 ## - ELEMENTOS DE DATOS A LOCAL LDA (RLIN) |
| a |
BC-BNE |
| 942 ## - ELEMENTOS DE PUNTO DE ACCESO ADICIONAL (KOHA) |
| Fuente del sistema de clasificación o colocación |
Clasificación Decimal Universal |
| Tipo de ítem Koha |
Libros |
| 956 ## - LOCALIZACIÓN Y ACCESO ELECTRÓNICOS LOCAL (OCLC) |
| Nombre del host |
2 |
| 980 ## - EQUIVALENCIA O REFERENCIA-CRUZADA-MENCIÓN DE SERIE--NOMBRE DE PERSONA/TÍTULO [LOCAL, CANADÁ] |
| Nombre de persona |
B 8431-2016 |
| Numeración |
Oficina Depósito Legal Barcelona |
| Nombre de persona |
978-84-9113-015-4 |
| Forma completa/desarrollada del nombre |
obra completa |
| Nombre de persona |
978-84-9113-013-0 |
| Forma completa/desarrollada del nombre |
v. 1 |
| Nombre de persona |
978-84-9113-014-7 |
| Forma completa/desarrollada del nombre |
v. 2 |
| Nombre de persona |
Encuadernación en cartoné |
| -- |
SpMaBN |
| Numeración |
BNALCALA |
| Calificador de atribución |
12/1125949-12/1125950 |
| Títulos y otros términos asociados al nombre |
SG_PETANTI |
| Enlace entre campo y número de secuencia |
1 |
| Nombre de persona |
v. |
| Enlace entre campo y número de secuencia |
1.1 |
| Nombre de persona |
1 |
| Enlace entre campo y número de secuencia |
1.2 |
| Nombre de persona |
2 |
| Enlace entre campo y número de secuencia |
0 |
| Nombre de persona |
2 v. |
| 980 ## - EQUIVALENCIA O REFERENCIA-CRUZADA-MENCIÓN DE SERIE--NOMBRE DE PERSONA/TÍTULO [LOCAL, CANADÁ] |
| Nombre de persona |
B 8431-2016 |
| -- |
978-84-9113-015-4 |
| Forma completa/desarrollada del nombre |
obra completa |
| Nombre de persona |
978-84-9113-013-0 |
| Forma completa/desarrollada del nombre |
v. 1 |
| Nombre de persona |
978-84-9113-014-7 |
| Forma completa/desarrollada del nombre |
v. 2 |
| Nombre de persona |
Encuadernación en rústica |
| -- |
SpMaBN |
| Numeración |
BNALCALA |
| Calificador de atribución |
DL/2440523-DL/2440524 |
| Títulos y otros términos asociados al nombre |
CONSERVACI |
| Enlace entre campo y número de secuencia |
1 |
| Nombre de persona |
v. |
| Enlace entre campo y número de secuencia |
1.1 |
| Nombre de persona |
1 |
| Enlace entre campo y número de secuencia |
1.2 |
| Nombre de persona |
2 |
| Enlace entre campo y número de secuencia |
0 |
| Nombre de persona |
2 v. |